000 00485nam a22001817a 4500
005 20240920153124.0
008 240919b |||||||| |||| 00| 0 eng d
020 _a978-93-6180-783-1
041 _aeng
082 _a615.1
100 _aKAR, DR.RAJAT KUMAR AND BHARDWAJ, HEMANT
_98554
245 _aPHARMACEUTICS [ D.PHARMA,1ST YEAR ]
250 _a2ND ED. 2024
260 _aLUCKNOW
_bTHAKUR PUBLICATION PVT.LTD
300 _a239;P
650 _aPHARMACY
_xD.PHARMA
942 _cBK
999 _c8683
_d8681